000
00282nam a22001097a 4500
003
OSt
005
20240401203208.0
008
240401b |||||||| |||| 00| 0 eng d
040
_c
CO-JMCR
245
_a
Cuentos para despertar :
_b
historias que inspiran y reconfortan /
942
_2
ddc
_c
BK
999
_c
30723
_d
17107